Xilografies antigues del Bt. Ramon Llull
Descripción Física:
[1] p., [21] f. de làm.: il., [2] p. ; 33 cm
Otros Autores:
Guasp i Vicens, Felip
MARC
| LEADER | 00000nam a2200000Ia 4500 | ||
|---|---|---|---|
| 001 | 14102, 14103 | ||
| 008 | 160829s1915 xx 000 0 cat d | ||
| 080 | |a R-12-184, R-12-185 | ||
| 245 | |a Xilografies antigues del Bt. Ramon Llull | ||
| 260 | |a Mallorca : |b Estampa d'en Felip Guasp, |c 1915 | ||
| 300 | |a [1] p., [21] f. de làm.: |b il., [2] p. ; |c 33 cm | ||
| 590 | |a Enq. amb perg. i fulls en paper de fil. | ||
| 590 | |a Restaurat: desembre 2007 | ||
| 650 | |a Llull, Ramon |x Xilografies |9 33264 | ||
| 650 | |a Xilografia |x Mallorca |9 33265 | ||
| 700 | |a Guasp i Vicens, Felip |9 33266 | ||
| 901 | |a Arxiu | ||
| 942 | |n 1 | ||
| 952 | |0 0 |1 0 |4 0 |6 R12184_R12185 |7 1 |9 46251 |a Arxiu |b Arxiu |d 2016-12-01 |l 0 |o R-12-184, R-12-185 |p 14102, 14103 |r 2016-12-01 00:00:00 |w 2016-12-01 |y ARXIU | ||
| 999 | |c 49753 |d 49753 | ||